000 00322nam a2200145Ia 4500
005 20251222153612.0
008 251222s9999||||xx |||||||||||||| ||spa||
020 _a8408024817
082 _a864.64/G14
100 _aGala, Antonio
245 0 _aLa Casa Sosegada
250 _a1ra.ed.
264 _bPlaneta
942 _cLIB
999 _c31661
_d31661